| 000 | 01234nam a2200349 c 4500 | ||
|---|---|---|---|
| 001 | 2650 | ||
| 003 | ES-MaCES | ||
| 005 | 20160321120240.0 | ||
| 008 | 981007m19931993sp ||| | spa d | ||
| 017 |
_aM. 14.068-1993 _bDL |
||
| 020 | _a8445404393 (o.c.) | ||
| 035 | _aCES19980026705m | ||
| 040 |
_aES-MaCES _bspa _cES-MaCES |
||
| 245 | 0 | 0 |
_aDerecho financiero y tributario y sistema financiero español _ctrabajo efectuado por Francisco Pellín Rivas ... [et al.] |
| 260 |
_aMadrid _aBarcelona _bCentro de estudios financieros _c1993 |
||
| 300 |
_a4 v. _c24 cm |
||
| 505 | 0 | _aContiene: t. I y t. II (Act. feb. 1993) -- t. III (Act. mayo 1994) -- t. IV (Act. jul. 1994) | |
| 541 | _cCompra | ||
| 650 | 4 |
_aderecho financiero _930891 |
|
| 650 | 4 |
_aderecho fiscal _927162 |
|
| 650 | 4 |
_asistema tributario _928092 |
|
| 650 | 4 |
_atributación _928093 |
|
| 650 | 4 |
_apresupuesto nacional _928073 |
|
| 650 | 4 |
_agasto público _928076 |
|
| 650 | 4 |
_aEspaña _926964 |
|
| 653 | 1 | 0 | _aDerecho financiero y tributario |
| 700 | 1 |
_aPellín Rivas, Francisco _920590 |
|
| 710 | 2 |
_91870 _aCentro de Estudios Financieros (Madrid) _eed. |
|
| 902 | _aLIB Libro | ||
| 942 |
_2CES _cBK _h6.0.10. |
||
| 999 |
_c2650 _d2650 |
||